LIBRARY & INFORMATION CENTRE, KCAET, TAVANUR

ONLINE PUBLIC ACCESS CATALOGUE (OPAC)

Alexander pope: an essay on man epistle to Dr. Abruthnot / (Record no. 4017)

MARC details
000 -LEADER
fixed length control field 00463cam a2200169ua 4500
041 ## - LANGUAGE CODE
Language code of text/sound track or separate title mal
082 ## - DEWEY DECIMAL CLASSIFICATION NUMBER
Classification number 821
Item number TRO/AL
100 ## - MAIN ENTRY--AUTHOR NAME
Personal name Trott, Anthony .
245 ## - TITLE STATEMENT
Title Alexander pope: an essay on man epistle to Dr. Abruthnot /
250 ## - EDITION STATEMENT
Edition statement 1 /
260 ## - PUBLICATION, DISTRIBUTION, ETC. (IMPRINT)
Place of publication Melbourne :
Name of publisher MacMillan and Company Limited ,
Year of publication 1966.
300 ## - PHYSICAL DESCRIPTION
Number of Pages 187 ; .
700 1# - ADDED ENTRY--PERSONAL NAME
Personal name Axford, Martin .
942 ## - ADDED ENTRY ELEMENTS (KOHA)
Koha item type Books
Holdings
Withdrawn status Lost status Damaged status Home library Current library Date acquired Full call number Accession Number Koha item type
Withdrawn     KAUAET Malayalam University 07/04/2012 821 TRO/AL 11833 Books
free website counter